Plant Physiology (Record no. 479507)
[ view plain ]
| 000 -LEADER | |
|---|---|
| fixed length control field | 00330nam a22001217a 4500 |
| 008 - FIXED-LENGTH DATA ELEMENTS--GENERAL INFORMATION | |
| fixed length control field | 140417t xxu||||| |||| 00| 0 eng d |
| 020 ## - INTERNATIONAL STANDARD BOOK NUMBER | |
| International Standard Book Number | 9780878938230 |
| 100 ## - MAIN ENTRY--PERSONAL NAME | |
| Personal name | Lincoln Taiz & Eduardo Zeiger |
| 9 (RLIN) | 820 |
| 245 ## - TITLE STATEMENT | |
| Title | Plant Physiology |
| Statement of responsibility, etc. | by Lincoln Taiz & Eduardo Zeiger |
| 250 ## - EDITION STATEMENT | |
| Edition statement | 3rd Ed. |
| 300 ## - PHYSICAL DESCRIPTION | |
| Extent | 623 p. |
| 942 ## - ADDED ENTRY ELEMENTS (KOHA) | |
| Source of classification or shelving scheme | |
| Koha item type | Book |
| Withdrawn status | Lost status | Source of classification or shelving scheme | Damaged status | Not for loan | Collection code | Permanent Location | Current Location | Date acquired | Total Checkouts | Total Renewals | Full call number | Barcode | Date last seen | Date last checked out | Price effective from | Koha item type |
|---|---|---|---|---|---|---|---|---|---|---|---|---|---|---|---|---|
| Atta-ur-Rahman School of Applied Biosciences (ASAB) | Atta-ur-Rahman School of Applied Biosciences (ASAB) | 11/25/2016 | 4 | 1 | 581.1 ZEI | ASAB1544 | 03/29/2018 | 01/10/2018 | 11/25/2016 | Book | ||||||
| Atta-ur-Rahman School of Applied Biosciences (ASAB) | Atta-ur-Rahman School of Applied Biosciences (ASAB) | 11/23/2016 | 5 | 1 | 581.1 ZEI | ASAB1552 | 08/01/2022 | 07/22/2022 | 11/23/2016 | Book |
